000 01564nam a22003017a 4500
005 20111221161042.0
010 _aENG-104415 B-489844
020 _a9788132107392
_c495.00
035 _aEN-87948 B-489844
037 _bDBAD/PUB
037 _bK.K.Pub/Ven
082 0 0 _a658.406
_221
245 0 0 _aOrganization development :
_bacclerating learning and transformation /
_cedited by S. Ramnarayan [and] T.V. Rao
260 _aNew Delhi
_bSage Response
_c2011
270 _aB1/I-1 Mohan Cooperative Industrial Area Mathura Road
_bNew Delhi
_e110044
300 _axx,463p.
_c25cm(pbk)
500 _aIncludes bibliographical references and index.
650 0 _aOrganizational change.
_955163
700 1 _aRamnarayan, S.
_937361
700 2 _aVenkateswara Rao, T.
_937362
856 4 2 _3Publisher description
_uhttp://www.loc.gov/catdir/enhancements/fy0657/97041760-d.html
856 4 1 _3Table of contents only
_uhttp://www.loc.gov/catdir/enhancements/fy0657/97041760-t.html
942 _2ddc
_cEN
_h658.406
_mORG
999 _c59807
_d59807